Random cities that start with the letter ''d''. - Statistics

General Stats
  • This quiz has been taken 25 times
  • The average score is 17 of 36
Answers on the Map
Answers color-coded by a green-red scale on the quiz's map according to % correct below.
 
Answer Stats
city % Correct
Detroit
92%
Dublin
83%
Dallas
79%
Durban
79%
Dar es Salaam
75%
Delhi
75%
Denver
75%
Dubai
75%
Damascus
71%
Doha
71%
Dhaka
63%
Djibouti
63%
Dodoma
63%
Dili
58%
Donetsk
58%
Dushanbe
58%
Dover
54%
Da Nang
50%
Des Moines
50%
Douala
50%
Daegu
42%
Davao
42%
Denpasar
42%
Dalian
38%
Dammam
38%
Dnipro
38%
Dakar
33%
Diyarbakir
17%
Daejeon
13%
Daqing
4%
Datong
4%
Dezhou
4%
Dhanbad
4%
Dazhou
0%
Dehra Dun
0%
Dongying
0%
No matching quizzes found
Score Distribution
Percent of People with Each Score
Percentile by Number Answered
Your Score History
You have not taken this quiz